Manchester City Greatest XI Of All Time - Statistics

General Stats
  • This quiz has been taken 1,246 times
  • The average score is 5 of 11
Answer Stats
Position Player % Correct
ST Sergio Agüero
97%
CB Vincent Kompany
89%
W Kevin de Bruyne
86%
CM David Silva
85%
CDM Yaya Touré
72%
CM Colin Bell
20%
GK Bert Trautmann
16%
W Mike Summerbee
13%
CB Mike Doyle
5%
RB Tony Book
4%
LB Paul Power
3%
No matching quizzes found
Score Distribution
Percent of People with Each Score
Percentile by Number Answered
Your Score History
You have not taken this quiz